| 000 | 00827nam a2200205 a 4500 | ||
|---|---|---|---|
| 003 | 0 | ||
| 005 | 20250319123802.0 | ||
| 008 | 080916s19uu xx 00 eng d | ||
| 050 |
_aPHS RS 431.A56 _b.Ma11 2008 |
||
| 100 | _aMaezono, Sakura Eri B. | ||
| 245 |
_aIsolation of limonene from calamansi (Citrus microcarpa) and determination of its antimicrobial properties / _cSakura Eri B. Maezono. |
||
| 260 |
_aLas PiƱas City, Philippines : _bSouthville International School and Colleges, _c2008. |
||
| 300 |
_a64 pages : _billustrations ; _c28 cm. |
||
| 504 | _aIncludes bibliographical references. | ||
| 650 |
_aLimonene _xIsolation & purification. |
||
| 650 |
_aCitrus microcarpa _xChemical composition. |
||
| 650 |
_aCitrus microcarpa _xChemical composition. |
||
| 650 |
_aTerpenes _xBiological activity. |
||
| 942 |
_2lcc _cPASS |
||
| 999 |
_c98057 _d98057 |
||